000 00764na a2200241 4500
001 16536
003 MIRAKIL
005 20181213154839.0
008 161012b tu 000 0
020 _a9789759217761
040 _aMilas
_btur
_cTR-AnCHP
041 _atur
_aeng
082 _a737.49653424
_bG96g 2013
090 _a737.49653424 G96g 2013
100 _aGürleyük, Koray
245 _aGeçmişten günümüze Niksar sikkeleri
_b= Neokaicaseira coins from the past to the present
_cKoray Gürleyük
260 _aNiksar
_bNiksar Belediyesi
_c2013
300 _a104 s.
_bfotg.
_c27 sm.
504 _aKaynakça var.
650 _aSikkeler,Türk
_xTarih
_yKataloglar
_zTürkiye
_zNiksar
651 _aNiksar (Tokat)
_xSikkeler
_yTarih
942 _2ddc
_cBKS
999 _c1934
_d1934